Fire risk assessment. Housing. Code of practice. (Record no. 122203)
[ view plain ]
| 000 -LEADER | |
|---|---|
| fixed length control field | 01935nam a22003977i 4500 |
| 003 - CONTROL NUMBER IDENTIFIER | |
| control field | Uk |
| 005 - DATE AND TIME OF LATEST TRANSACTION | |
| control field | 20250804143027.0 |
| 006 - FIXED-LENGTH DATA ELEMENTS--ADDITIONAL MATERIAL CHARACTERISTICS--GENERAL INFORMATION | |
| fixed length control field | m || d | |
| 007 - PHYSICAL DESCRIPTION FIXED FIELD--GENERAL INFORMATION | |
| fixed length control field | cr ||||||||||| |
| 008 - FIXED-LENGTH DATA ELEMENTS--GENERAL INFORMATION | |
| fixed length control field | 250804s2025 enk|||||ou ||| ||eng |
| 020 ## - INTERNATIONAL STANDARD BOOK NUMBER | |
| Cancelled/invalid ISBN | 9780539228823 |
| 040 ## - CATALOGING SOURCE | |
| Original cataloging agency | Uk |
| 041 ## - LANGUAGE CODE | |
| Language code of text/sound track or separate title | eng |
| 082 04 - DEWEY DECIMAL CLASSIFICATION NUMBER | |
| Classification number | 602.1841 |
| 110 2# - MAIN ENTRY--CORPORATE NAME | |
| Corporate author | British Standards Institution, |
| Relator term | author. |
| 245 10 - TITLE STATEMENT | |
| Title | Fire risk assessment. Housing. Code of practice. |
| Subtitle | BS 9792:2025 |
| Medium | [Online publication] |
| 260 ## - PUBLICATION INFORMATION | |
| Place of publication | London, |
| Publisher | British Standards Institution, |
| Date | 1 August 2025 |
| 500 ## - GENERAL NOTE | |
| General note | If dealing with External Wall Assessments should be read in conjunction with PAS 9980:2022 |
| 520 ## - ABSTRACT | |
| Abstract | BS 9792:2025 is a British Standard that provides recommendations and example documentation for conducting and recording fire risk assessments (FRAs) in housing premises. It offers a structured and risk-proportionate methodology for assessing fire risks in residential settings, aiming to determine the necessary fire prevention and protection measures to safeguard occupants and those in the immediate vicinity. It does include vacant housing premises, and while it addresses external wall risks, it excludes specialist external wall assessments (handled via PAS 9980). |
| 520 ## - ABSTRACT | |
| Abstract | Use in conjunction with BS 9792:2005 ISBN 9780539228823 |
| 650 #7 - KEYWORDS | |
| Keywords | BUILDING SAFETY |
| 650 #7 - KEYWORDS | |
| Keywords | FIRE PREVENTION |
| 650 #7 - KEYWORDS | |
| Keywords | FIRE SAFETY |
| 651 ## - SUBJECT ADDED ENTRY--GEOGRAPHIC NAME | |
| Geographic name | United Kingdom |
| 690 ## - BROAD SUBJECT | |
| 9 (RLIN) | 6223 |
| Broad subject | Building materials & defects |
| 690 ## - BROAD SUBJECT | |
| 9 (RLIN) | 6308 |
| Broad subject | Cladding |
| 710 ## - ADDED CORPORATE NAME | |
| Added corporate author | British Standards Institution |
| 856 ## - ONLINE RESOURCE | |
| Uniform Resource Identifier | <a href="https://knowledge.bsigroup.com/products/fire-risk-assessment-housing-code-of-practice">https://knowledge.bsigroup.com/products/fire-risk-assessment-housing-code-of-practice</a> |
| Public note | Available to BSi licence holders |
| 942 ## - ADDED ENTRY ELEMENTS (KOHA) | |
| Suppress in OPAC | Do not suppress in OPAC |
| 336 ## - CONTENT TYPE | |
| Content type term | text |
| Source | rdacontent |
| 337 ## - MEDIA TYPE | |
| Media type term | computer |
| Source | rdamedia |
| 338 ## - CARRIER TYPE | |
| Carrier type term | online resource |
| Source | rdacarrier |
| 903 ## - LOCAL DATA ELEMENT C, LDC (RLIN) | |
| a | ELD.DS.661160 |
| Lost status | Damaged status | Not for loan | Home library | Current library | Shelving location | Date acquired | Total Checkouts | Date last seen | Price effective from | Koha item type |
|---|---|---|---|---|---|---|---|---|---|---|
| Virtual | Virtual | Online | 04/08/2025 | 04/08/2025 | 04/08/2025 | Online material |